| 000 -LEADER | |
|---|---|
| fixed length control field | 00572nam a22001817a 4500 |
| 005 - DATE AND TIME OF LATEST TRANSACTION | |
| control field | 20251204144417.0 |
| 008 - FIXED-LENGTH DATA ELEMENTS--GENERAL INFORMATION | |
| fixed length control field | 240902b |||||||| |||| 00| 0 eng d |
| 020 ## - INTERNATIONAL STANDARD BOOK NUMBER | |
| ISBN | 978-93-81496-80-0 |
| 041 ## - LANGUAGE CODE | |
| Language code of text/sound track or separate title | eng |
| 082 ## - DEWEY DECIMAL CLASSIFICATION NUMBER | |
| Classification number | 616.075 GOD-T |
| 100 ## - MAIN ENTRY--AUTHOR NAME | |
| Personal name | GODKAR, PRAFUL B. AND GODKAR, DARSHAN. P. |
| 245 ## - TITLE STATEMENT | |
| Title | TEXTBOOK OF MEDICAL LABORATORY TECHNOLOGY: CLINICAL LABORATORY SCIENCE AND MOLECULAR DIAGNOSIS [ VOL-1] |
| 250 ## - EDITION STATEMENT | |
| Edition statement | 4TH ED. 2024 |
| 260 ## - PUBLICATION, DISTRIBUTION, ETC. (IMPRINT) | |
| Place of publication | MUMBAI |
| Name of publisher | BHALANI PUBLISHING HOUSE |
| 300 ## - PHYSICAL DESCRIPTION | |
| Number of Pages | 964;P |
| 650 ## - SUBJECT ADDED ENTRY--TOPICAL TERM | |
| Topical Term | PARAMEDICAL |
| General subdivision | BMLT/BMIRT |
| 942 ## - ADDED ENTRY ELEMENTS (KOHA) | |
| Koha item type | Books |
| Lost status | Damaged status | Collection code | Home library | Current library | Date acquired | Source of acquisition | Cost, normal purchase price | Full call number | Accession Number | Koha item type | Shelving location | Serial Enumeration / chronology |
|---|---|---|---|---|---|---|---|---|---|---|---|---|
| Bachelor of Medical Laboratory Technology | JRU Library | JRU Library | 30/08/2024 | PURCHASE | 3495.00 | 616.075 | 28410 | Books | ||||
| PARAMEDICAL | JRU Library | JRU Library | 01/12/2025 | PURCHASE | 3595.00 | 616.075 GOD | 29152 | Books | SHELF-106-B | LBI-000811/28-11-2025 | ||
| PARAMEDICAL | JRU Library | JRU Library | 01/12/2025 | PURCHASE | 3595.00 | 616.075 GOD | 29153 | Books | SHELF-106-B | LBI-000811/28-11-2025 | ||
| PARAMEDICAL | JRU Library | JRU Library | 01/12/2025 | PURCHASE | 3595.00 | 616.075 GOD | 29154 | Books | SHELF-106-B | LBI-000811/28-11-2025 | ||
| PARAMEDICAL | JRU Library | JRU Library | 01/12/2025 | PURCHASE | 3595.00 | 616.075 GOD | 29155 | Books | SHELF-106-B | LBI-000811/28-11-2025 | ||
| PARAMEDICAL | JRU Library | JRU Library | 01/12/2025 | PURCHASE | 3595.00 | 616.075 GOD | 29156 | Books | SHELF-106-B | LBI-000811/28-11-2025 |